| 000 | 00521nam a2200193Ia 4500 | ||
|---|---|---|---|
| 005 | 20250508152836.0 | ||
| 008 | 008 250505s9999 xx 000 0 eng d | ||
| 037 | _aTextual | ||
| 040 |
_aFEDL _beng _cFEDL |
||
| 041 |
_aeng _2eng |
||
| 084 |
_a343, ROL _qFEDL |
||
| 100 |
_aRolph C.H. _9688971 |
||
| 245 | 0 | _aCommon sens about crime and punishment | |
| 260 |
_aLondon, UK _bVictor Gollancz Limited _c1961 |
||
| 300 | _a175p. | ||
| 650 | _aLaw | ||
| 942 |
_cTEXL _h343, ROL |
||
| 999 |
_c1339146 _d1339146 |
||